000
00280nam a2200121Ia 4500
008
190216s9999||||xx |||||||||||||| ||und||
100
_a
Das Gupta P
245
0
_a
Studies In Cost Accounting
260
_b
Premier Book Co
_c
1978
300
_a
853p
650
_a
Commerce
942
_c
BK
999
_c
5103
_d
5103